Opciones : (Record no. 22343)

000 -CABECERA
fixed length control field 01216nam a22002537a 4500
003 - IDENTIFICADOR DEL NÚMERO DE CONTROL
control field AR-CdUCM
008 - DATOS DE LONGITUD FIJA--INFORMACIÓN GENERAL
fixed length control field 190429b ||||| |||| 00| 0 spa d
040 ## - FUENTE DE LA CATALOGACIÓN
Agencia/entidad que catalogó originalmente la obra MUNICIPALIDAD PROVINCIAL DEL CUSCO
Entidad que transcribió la catalogación BIBLIOTECA MUNICIPAL DEL CUSCO
082 ## - NÚMERO DE LA CLASIFICACIÓN DECIMAL DEWEY
No. de Clasificación Opciones/N°2/1995
245 ## - MENCIÓN DE TÍTULO
Título Opciones :
Resto del título revista de análisis debate y alternativas a los problemas regionales en medio ambiente y desarrollo /
Mención de responsabilidad Universidad Nacional de San Antonio Abad del Cusco
260 ## - PUBLICACIÓN, DISTRIBUCIÓN, ETC.
Lugar de publicación, distribución, etc. Cusco.
Nombre de la editorial, distribuidor, etc. Alpha,
Fecha de publicación, distribución, etc. 1995.
300 ## - DESCRIPCIÓN FÍSICA
Nº de Páginas Extensión 57 páginas. :
Dimensiones 28 cm.
440 ## - MENCIÓN DE SERIE/PUNTO DE ACCESO ADICIONAL--TÍTULO
Título Opciones.
Número de la parte/sección de una obra Año II, número III, febrero 1995.
9 (RLIN) 47889
505 ## - NOTA DE CONTENIDO CON FORMATO
Nota de contenido formateada Contenido: Organización social andina y convivencia hombre fauna. -- Ética y Biodiversidad. -- Evaluación del agua de cuatro manantiales para consumo humano Distrito de Lamay Calca. -- Tramo carretero Santa Teresa Chaullay estudio socioeconómico y de impacto ambiental. ...
650 ## - PUNTO DE ACCESO ADICIONAL DE MATERIA--TÉRMINO DE MATERIA
Descriptor Ecología
9 (RLIN) 4960
650 ## - PUNTO DE ACCESO ADICIONAL DE MATERIA--TÉRMINO DE MATERIA
Descriptor Biodiversidad
9 (RLIN) 19327
650 ## - PUNTO DE ACCESO ADICIONAL DE MATERIA--TÉRMINO DE MATERIA
Descriptor Medio Ambiente
9 (RLIN) 47890
650 ## - PUNTO DE ACCESO ADICIONAL DE MATERIA--TÉRMINO DE MATERIA
Descriptor Desarrollo rural
9 (RLIN) 4384
700 ## - PUNTO DE ACCESO ADICIONAL--NOMBRE DE PERSONA
Nombre Personal Carreño Peralta, Elías
9 (RLIN) 46779
700 ## - PUNTO DE ACCESO ADICIONAL--NOMBRE DE PERSONA
Nombre Personal Gil Mora, Eduardo
9 (RLIN) 46972
710 ## - PUNTO DE ACCESO ADICIONAL--NOMBRE DE ENTIDAD CORPORATIVA
Nombre corporativo (En letras Mayúsculas) Instituto Andino de Ecología y Desarrollo
9 (RLIN) 47891
942 ## - ELEMENTOS DE PUNTO DE ACCESO ADICIONAL (KOHA)
Fuente de clasificación
Tipo de item Revistas cusqueñas
945 ## - PROCESAMIENTO DE INFORMACIÓN LOCAL (OCLC)
Catalogador rac
Holdings
Estado de retiro (separado) Fuente de clasificación o esquema de estanterías Estado dañado Ubicación Sala donde se ubica Nombre de la colección Fecha de adquisición o compra Costo, precio normal en soles Signatura topográfica Código de Barras Última vez visto (Koha) Tipo de ítem (Koha)
No     Sala Hemeroteca Sala Hemeroteca Book Cart 2022-04-19 5.00 Opciones/N°2/1995 REVC000861 2022-04-19 Revistas cusqueñas

Powered by Koha